00345nam a22001337a 4500008004100000020001800041050002300059100001600082245002800098250001100126260004000137300001600177500001800193250519b |||||||| |||| 00| 0 eng d a0-312-40067-5 aPE 1478b.M37 2001 aMarkel,Mike aTechnical Communication a6th ed aNew YorkbBedford/St Martin'sc2001 axxxii 784 P aInclude Index